Využitie fondov EÚ v cestovnom ruchu na Slovensku diplomová práca

Na minha lista:
Detalhes bibliográficos
Autor principal: Karellová, Stanislava
Autor Corporativo: Obchodná fakulta EU. Katedra služieb a cestovného ruchu - zrušené
Outros Autores: Michálková, Anna, 1968-
Formato: Livro
Idioma:eslovaco
Publicado em: Bratislava 2015
Tags: Adicionar Tag
Sem tags, seja o primeiro a adicionar uma tag!

MARC

LEADER 00000nbm a2200000 4500
001 0203117
005 20161212104635.8
041 0 |a slo 
044 |a SK 
245 1 0 |a Využitie fondov EÚ v cestovnom ruchu na Slovensku  |b diplomová práca  |c Stanislava Karellová ; školiteľ: Anna Michálková 
264 1 |a Bratislava  |c 2015 
300 |a 78 s. 
100 1 |a Karellová, Stanislava 
700 1 |a Michálková, Anna, 1968- 
710 2 |a Obchodná fakulta EU. Katedra služieb a cestovného ruchu - zrušené